000 00299nam a2200097Ia 4500
008 220120s9999||||xx |||||||||||||| ||und||
100 _aRajashekara Reddy, R
245 0 _aJob distribution software
260 _aCoorg Institute of Technology
_bPonnampet
_c2007
650 _aELECTRONICS AND COMMUNICATIONS
999 _c137693
_d137693